| 000 | 00849cam a2200289 4500 | ||
|---|---|---|---|
| 001 | J3438 | ||
| 008 | 090401t1996 xxu||||| |||| 00| 0 eng d | ||
| 035 | _a(Sirsi) u55041 | ||
| 041 | _aeng | ||
| 050 | _a720.0212 | ||
| 110 |
_aMirza and Nacey Research _91403 |
||
| 245 | _aConstruction futures. - Issue 1 (January 1996) - Issue 4 (October 1996) | ||
| 260 |
_aArundel _bMirza and Nacey Research _c1996 |
||
| 300 | _a4 pt. ; 30cm. | ||
| 350 | _a195 | ||
| 520 | _aPublished quarterly in association with The Architects` Journal. | ||
| 650 | _aARCHITECTS | ||
| 650 | _aCONSTRUCTION FORECASTS | ||
| 650 | _aCONSTRUCTION FUTURES | ||
| 650 | _aCONSTRUCTION INDUSTRY | ||
| 650 | _aFORECASTS | ||
| 650 | _aWORKLOAD | ||
| 690 | _aBUILDING AND CONSTRUCTION-ECONOMICS | ||
| 710 | _aArchitects' Journal | ||
| 942 | _n0 | ||
| 948 | _c04/03/1997 | ||
| 999 |
_c93544 _d93544 |
||